Antología de discursos (Registro nro. 802)

Detalles MARC
000 -CABECERA
Longitud fija campo de control 00523nam a22001931 4500
001 - NÚMERO DE CONTROL
Número de control bimo0000773299
003 - IDENTIFICADOR DELl NÚMERO DE CONTROL
Identificador del número de control OSt
005 - FECHA Y HORA DE LA ÚLTIMA TRANSACCIÓN
Fecha y hora de la última transacción 20140826213005.0
008 - CÓDIGOS DE INFORMACIÓN DE LONGITUD FIJA
Códigos de información de longitud fija 900725s1967 sp spa
040 ## - FUENTE DE LA CATALOGACIÓN
Centro catalogador de origen SpMaBN
Centro transcriptor BMC
082 ## - NÚMERO DE LA CLASIFICACIÓN DECIMAL DEWEY
Númeroo de clasificación 875
100 ## - PUNTO DE ACCESO PRINCIPAL-NOMBRE DE PERSONA
9 (RLIN) 441
Nombre de persona Demóstenes
245 10 - MENCIÓN DE TÍTULO
Título Antología de discursos
Mención de responsabilidad, etc. Demóstenes ; [traducción y notas de Pedro M. Voltes Bou]
260 0# - PUBLICACIÓN, DISTRIBUCIÓN, ETC. (PIE DE IMPRENTA)
Lugar de publicación, distribución, etc. Madrid
Nombre del editor, distribuidor, etc. Espasa-Calpe
Fecha de publicación, distribución, etc. 1967
300 ## - DESCRIPCIÓN FÍSICA
Extensión 152 p.
Dimensiones 17 cm
490 0# - MENCIÓN DE SERIE
Mención de serie Austral
Designación de volumen o secuencia 1392
700 ## - PUNTO DE ACCESO ADICIONAL - NOMBRE DE PERSONA
Nombre de persona Voltes Bou, Pedro
9 (RLIN) 955
942 ## - ENTRADA DE ELEMENTOS AGREGADOS (KOHA)
Fuente de clasificaión o esquema Dewey Decimal Classification
Koha [por defecto] tipo de item 1- Monografias
Existencias
Suprimido Perdido Fuente de clasificación o esquema Estropeado Restricciones de uso No para préstamo Código de colección Localización permanente Localización actual Localización en estanter&íacute;as Fecha adquisición Fuente de adquisición Número de inventario Préstamos totales Signatura completa Código de barras Fecha última consulta Coste, precio reemplazado Fecha del precio de reemplazo Tipo de item de Koha
NULL NULL Dewey Decimal Classification NULL Prestable NULL NULL Biblioteca Miguel de Cervantes - UNICAES Biblioteca Miguel de Cervantes - UNICAES Sala Principal 17/07/1998 Donación - Marco René Revelo 000886   875 DEM ant 1000886 18/06/2013 5.99 18/06/2013 1- Monografias